Uralic and Altaic studies

Elmentve itt :
Bibliográfiai részletek
Szerző: Sinor Dénes
Dokumentumtípus: Cikk
Megjelent: 1967
Sorozat:The Review
Kulcsszavak:Uralisztika, Altajisztika
Tárgyszavak:
Online Access:http://misc.bibl.u-szeged.hu/64795
LEADER 00755nab a2200241 i 4500
001 misc64795
005 20230517110447.0
008 230504s1967 hu o 0|| eng d
040 |a SZTE Miscellanea Repozitórium  |b hun 
041 |a eng 
100 1 |a Sinor Dénes 
245 1 0 |a Uralic and Altaic studies  |h [elektronikus dokumentum] /  |c  Sinor Dénes 
260 |c 1967 
300 |a 1-8  |c 23 cm 
300 |a 8 p.  |c 23 cm 
490 0 |a The Review 
561 |a Németh Gyula hagyaték 
591 |a NOA 5617; LOA 3605 
650 4 |a Bölcsészettudományok 
650 4 |a Történettudomány és régészet 
650 4 |a Nyelvek és irodalom 
695 |a Uralisztika, Altajisztika 
856 4 0 |u http://misc.bibl.u-szeged.hu/64795/1/5617_noa.pdf  |z Dokumentum-elérés